00361 a2200121 4500050002100000245008600021264003900107300001200146500001900158650001500177700002200192700002500214 aKTL19.A35SOU1971 aSouth African Law Reports:b1971 (1) February /cedited by Duncan G [et ...al] aCape Town:bJuta and CO,LTD,c1971 a6119. : aincludes index alaw report aBarnett Meeditor aBuchanan J Leeditor